000 01462nam a2200265 4500
005 20180522081736.0
008 180522s1924 xxua|||fr|||| 001 0 spa d
040 _aCO-BoUCM
_bspa
_cSandra Yazo
_dSandra Yazo
041 0 _aspa
082 0 4 _220
_a520
092 _aE46N043
100 1 _aLockyer, Norman Joseph
_cSir,
_d1836-1920‏
_992559
245 1 0 _aNociones de astronomía
_cpor Norman Lockyer
260 _aNueva York (Estados Unidos)
_bD. Appleton y compañía
_c1924
300 _axiv, 149 páginas
_bilustraciones
_c16 x 11 cm.
490 0 _aCastillas científicas
500 _aDetalles físicos: Encuadernación rígida (holandesa) en cartón forrado en papel. Lomo de tela texturizada. Tapa delantera impresa, con datos de la impresión. Guardas. Anteportada y al verso frontispicio con grabado (cráter lunar). Portada impresa en una sola tinta. Texto impreso en una sola columna, con diversos tipos y tamaños de letras. Ilustraciones entre del texto. Papel oxidado
505 0 _aIntroducción ; La tierra y sus movimientos ; La luna y sus movimientos ; El sistema solar ; El sol, la estrella más próxima ; Las estrellas ; Posiciones de los cuerpos celestes ; Movimientos de los cuerpos celestes
506 _aConsulta en sala
650 7 _99691
_aAstronomía
_vLibros de texto
650 7 _924599
_aSistema solar
650 7 _921634
_aPlanetas
690 _aCiencias naturales
_910813
942 _2LOCAL
_cLIBRO
_e1
_hE46N043
999 _c309936
_d309936